|
|
|
|
| LEADER |
00000nam a2200000 4500 |
| 001 |
vtls012135840 |
| 003 |
SK-MaSNL |
| 005 |
20260426003856.0 |
| 008 |
220519s2021 xo f lf 000 0 slo |
| 015 |
|
|
|a SNBA2022/06
|
| 020 |
|
|
|a 9788081622021
|q (brožované)
|
| 040 |
|
|
|a SNK
|b slo
|c SNK
|e rda
|
| 041 |
0 |
|
|a slo
|
| 043 |
|
|
|a e-xo---
|
| 044 |
|
|
|a xo
|c SK
|
| 072 |
|
7 |
|a 331
|x Práca
|2 konspekt
|
| 080 |
|
|
|a 349.244
|2 2011
|
| 080 |
|
|
|a 331.312.82
|2 2011
|
| 080 |
|
|
|a 331.53
|2 2011
|
| 080 |
|
|
|a 336.56
|2 2011
|
| 080 |
|
|
|a 331.216
|2 2011
|
| 080 |
|
|
|a (437.6)
|2 2011
|
| 080 |
|
|
|a (035)
|2 2011
|
| 080 |
|
|
|a (094.5)
|2 2011
|
| 080 |
|
|
|a 336.226.1
|2 2011
|
| 110 |
1 |
|
|a Slovensko
|4 aut
|9 266955
|
| 240 |
1 |
0 |
|a Zákon o podpore v čase skrátenej práce (2021, novela 2023)
|
| 245 |
1 |
0 |
|a 100 otázok a odpovedí
|b kurzarbeit : zamestnávanie
|
| 246 |
3 |
0 |
|a Kurzarbeit
|
| 246 |
3 |
0 |
|a Zamestnávanie
|
| 246 |
3 |
|
|a Sto otázok a odpovedí
|
| 264 |
|
1 |
|a Žilina
|b Poradca
|c 2021
|
| 300 |
|
|
|a 96 strán
|c 21 cm
|
| 336 |
|
|
|a text
|b txt
|2 rdacontent
|
| 337 |
|
|
|a bez média
|b n
|2 rdamedia
|
| 338 |
|
|
|a zväzok
|b nc
|2 rdacarrier
|
| 650 |
0 |
7 |
|a sprostredkovanie práce
|2 SNKPH
|9 15494
|
| 650 |
0 |
7 |
|a prekážky v práci
|2 SNKPH
|9 17996
|
| 650 |
0 |
7 |
|a skrátená pracovná doba
|2 SNKPH
|9 369055
|
| 650 |
0 |
7 |
|a dotácie
|2 SNKPH
|9 2132
|
| 650 |
0 |
7 |
|a náhrada mzdy
|2 SNKPH
|9 333988
|
| 650 |
0 |
7 |
|a dane z príjmov
|2 SNKPH
|9 2125
|
| 650 |
0 |
7 |
|a Embarrassment in work
|2 SNKPHeng
|9 372136
|
| 650 |
0 |
7 |
|a Part-time employment
|2 SNKPHeng
|9 369056
|
| 650 |
0 |
7 |
|a Employment mediation
|2 SNKPHeng
|9 341587
|
| 650 |
0 |
7 |
|a Subsidies
|2 SNKPHeng
|9 353678
|
| 650 |
0 |
7 |
|a Compensation of wages
|2 SNKPHeng
|9 333990
|
| 650 |
0 |
7 |
|a Income tax
|2 SNKPHeng
|9 274436
|
| 651 |
|
7 |
|a Slovensko
|2 SNKPH
|9 14231
|
| 651 |
|
7 |
|a Slovakia
|2 SNKPHeng
|9 92630
|
| 655 |
|
7 |
|a príručky
|2 SNKPH
|9 74364
|
| 655 |
|
7 |
|a zákony
|2 SNKPH
|9 70186
|
| 655 |
|
7 |
|a Handbooks, manuals, etc.
|2 SNKPHeng
|9 90964
|
| 655 |
|
7 |
|a Laws
|2 SNKPHeng
|9 266957
|
| 710 |
1 |
2 |
|a Slovensko.
|t Zákon o službách zamestnanosti (2004, novela 2021)
|9 623070
|
| 919 |
|
|
|a 978-80-8162-202-1
|
| 954 |
|
|
|a odborná, vedecká literatúra pôvodná (slovenská)
|2 lita
|
| 999 |
|
|
|c 957621
|d 959551
|
| 952 |
|
|
|a SNK
|b SNK
|y PREZ
|7 0
|p 17A1483085
|o snkSC 197528
|i snk2022/8176
|8 0
|0 0
|1 0
|4 0
|d 2022-05-19
|f 1
|l 0
|r 2025-10-20 00:00:00
|w 2026-02-24
|